| 000 | 00000nam##2200000za#4500 |
| 001 | 9.698003 |
| 003 | CaOODSP |
| 005 | 20241203113637 |
| 007 | cr ||||||||||| |
| 008 | 150407|2006||||xxc|||||o f|0| 0 eng|d |
| 040 | |aCaOODSP|beng |
| 043 | |an-cn--- |
| 086 | 1 |aEn4-213/2006E-PDF |
| 110 | 1 |aCanada. |bEnvironment Canada. |
| 245 | 10|aAudit of Environment Canada's financial and staffing activities - 11th session of the Conference of the Parties |h[electronic resource] |
| 260 | |aGatineau - Quebec : |bEnvironment Canada |cSeptember 2006. |
| 300 | |a27p.|btables |
| 590 | |a13-14-Supp|b2013-05-30 |
| 775 | 08|tVérification des dépenses et des activités de dotation d'Environnement Canada - 11e Session de la Conférence des parties |w(CaOODSP)9.642000 |
| 856 | 40|ahttp://publications.gc.ca|qPDF|s143 KB|uhttps://publications.gc.ca/collections/collection_2013/ec/En4-213-2006-eng.pdf |